|
|
|
|
| LEADER |
01138pam a2200277 a 4500 |
| 001 |
14643 |
| 003 |
BD-DhAAL |
| 008 |
090416s1998 si b 001 0 eng d |
| 999 |
|
|
|c 238
|d 238
|
| 020 |
|
|
|a 9810232632 (alk. paper)
|
| 040 |
|
|
|a DLC
|c DLC
|d DLC
|d BD-DhAAL
|
| 050 |
0 |
0 |
|a QA431
|b .C463 1998
|
| 082 |
0 |
0 |
|a 515.38
|2 21
|
| 100 |
1 |
|
|a Chen, Chuanmiao.
|9 41508
|
| 245 |
1 |
0 |
|a Finite element methods for integrodifferential equations /
|c Chen Chuanmiao, Shih Tsimin.
|
| 260 |
|
|
|a Singapore ;
|a River Edge, N.J. :
|b World Scientific,
|c c1998.
|
| 300 |
|
|
|a xvii, 272 pages ;
|c 23 cm.
|
| 490 |
1 |
|
|a Series on applied mathematics ;
|v v. 9
|
| 504 |
|
|
|a Includes bibliographical references (pages 255-269) and index.
|
| 541 |
1 |
|
|e 14643
|
| 650 |
|
0 |
|a Integro-differential equations
|x Numerical solutions.
|9 41509
|
| 650 |
|
0 |
|a Finite element method.
|9 41510
|
| 700 |
1 |
|
|a Shih, Tsimin.
|9 41511
|
| 852 |
4 |
|
|a Ayesha Abed Library
|j General Stacks
|
| 942 |
|
|
|2 ddc
|c BK
|
| 952 |
|
|
|0 0
|1 0
|2 ddc
|4 0
|6 515_380000000000000_CHU
|7 0
|9 220
|a BRACUL
|b BRACUL
|c GEN
|d 2009-04-29
|g 0.00
|l 0
|o 515.38 CHU
|p 3010014643
|r 2009-04-29
|t 1
|w 2009-04-29
|y BK
|x No price found in the accession register.
|